[Event "XLIV Memoriał Szachowy Ludwika Zamenhofa 2025, Grupa B"]
[Site "Bialystok, Poland"]
[Date "2025.12.31"]
[Round "9.4"]
[White "Daniel, Damian"]
[Black "Mielczarski, Miroslaw"]
[Result "1-0"]
[TimeControl "90'+30\""]
[WhiteElo "2150"]
[BlackElo "2042"]

1. d4 {[%clk 01:30:55]} {[%emt 00:00:01]} d5 {[%emt 00:00:31]} 2. Nf3 {[%clk
01:31:08]} Nf6 {[%clk 01:28:41]} {[%emt 00:02:38]} 3. g3 {[%clk 01:31:12]}
{[%emt 00:00:26]} c6 {[%clk 01:28:42]} {[%emt 00:00:30]} 4. Bg2 {[%clk
01:31:36]} {[%emt 00:00:05]} Bf5 {[%clk 01:28:58]} {[%emt 00:00:13]} 5. Nbd2
{[%clk 01:30:15]} {[%emt 00:01:51]} h6 {[%clk 01:28:48]} {[%emt 00:00:40]} 6.
O-O {[%clk 01:26:47]} {[%emt 00:03:59]} e6 {[%clk 01:28:54]} {[%emt 00:00:24]}
7. b3 {[%clk 01:26:54]} {[%emt 00:00:23]} Nbd7 {[%clk 01:28:44]} {[%emt
00:00:40]} 8. Bb2 {[%clk 01:27:12]} {[%emt 00:00:12]} Be7 {[%clk 01:28:12]}
{[%emt 00:01:01]} 9. Ne5 {[%clk 01:24:29]} {[%emt 00:03:14]} O-O {[%clk
01:28:03]} {[%emt 00:00:39]} 10. c4 {[%clk 01:23:36]} {[%emt 00:01:22]} Bh7
{[%clk 01:21:01]} {[%emt 00:07:32]} 11. Re1 {[%clk 01:07:44]} {[%emt 00:16:23]}
Qc7 {[%clk 01:17:01]} {[%emt 00:04:30]} 12. Nd3 {[%clk 01:04:02]} {[%emt
00:04:12]} Ne4 {[%clk 01:12:58]} {[%emt 00:04:32]} 13. f3 {[%clk 01:02:16]}
{[%emt 00:02:16]} Nxd2 {[%clk 01:09:41]} {[%emt 00:03:47]} 14. Qxd2 {[%clk
01:02:44]} {[%emt 00:00:03]} Bg5 {[%clk 01:05:50]} {[%emt 00:04:20]} 15. e3
{[%clk 01:00:58]} {[%emt 00:02:16]} Rad8 {[%clk 01:02:25]} {[%emt 00:03:56]} 16.
Qe2 {[%clk 00:57:58]} {[%emt 00:03:30]} Bf6 {[%clk 00:59:24]} {[%emt 00:03:30]}
17. Nf4 {[%clk 00:49:28]} {[%emt 00:09:01]} Rfe8 {[%clk 00:48:41]} {[%emt
00:11:13]} 18. Rac1 {[%clk 00:46:46]} {[%emt 00:03:11]} dxc4 {[%clk 00:47:05]}
{[%emt 00:02:06]} 19. Rxc4 {[%clk 00:44:19]} {[%emt 00:02:57]} Nb6 {[%clk
00:41:44]} {[%emt 00:05:52]} 20. Rcc1 {[%clk 00:44:07]} {[%emt 00:00:41]} e5
{[%clk 00:36:45]} {[%emt 00:05:29]} 21. Nh5 {[%clk 00:28:51]} {[%emt 00:15:46]}
exd4 {[%clk 00:35:58]} {[%emt 00:01:18]} 22. Nxf6+ {[%clk 00:29:16]} {[%emt
00:00:04]} gxf6 {[%clk 00:36:22]} {[%emt 00:00:05]} 23. e4 {[%clk 00:28:53]}
{[%emt 00:00:54]} Qd6 {[%clk 00:33:05]} {[%emt 00:03:46]} 24. Qd3 {[%clk
00:23:08]} {[%emt 00:06:17]} c5 {[%clk 00:31:59]} {[%emt 00:01:37]} 25. Qb5
{[%clk 00:22:02]} {[%emt 00:01:35]} Rc8 {[%clk 00:31:58]} {[%emt 00:00:30]} 26.
Ba3 {[%clk 00:21:20]} {[%emt 00:01:13]} Nd7 {[%clk 00:31:00]} {[%emt 00:01:27]}
27. Qxb7 {[%clk 00:19:11]} {[%emt 00:02:40]} Rc7 {[%clk 00:31:00]} {[%emt
00:00:30]} 28. Qb5 {[%clk 00:18:46]} {[%emt 00:00:55]} f5 {[%clk 00:31:04]}
{[%emt 00:00:26]} 29. e5 {[%clk 00:17:47]} {[%emt 00:01:29]} Rxe5 {[%clk
00:31:16]} {[%emt 00:00:17]} 30. f4 {[%clk 00:18:10]} {[%emt 00:00:07]} Re4
{[%clk 00:31:03]} {[%emt 00:00:42]} 31. Red1 {[%clk 00:17:38]} {[%emt
00:01:03]} Bg6 {[%clk 00:31:03]} {[%emt 00:00:30]} 32. Qc4 {[%clk 00:13:49]}
{[%emt 00:04:20]} Re3 {[%clk 00:28:55]} {[%emt 00:02:38]} 33. Rxd4 {[%clk
00:11:32]} {[%emt 00:02:47]} Qe7 {[%clk 00:24:33]} {[%emt 00:04:52]} 34. Rd3
{[%clk 00:09:34]} {[%emt 00:02:24]} Bh5 {[%clk 00:23:40]} {[%emt 00:01:26]} 35.
Qc3 {[%clk 00:08:53]} {[%emt 00:01:12]} Re2 {[%clk 00:19:27]} {[%emt 00:04:42]}
36. Bb2 {[%clk 00:08:19]} {[%emt 00:01:05]} f6 {[%clk 00:19:55]} {[%emt
00:00:01]} 37. Bf1 {[%clk 00:06:56]} {[%emt 00:01:54]} Re4 {[%clk 00:19:40]}
{[%emt 00:00:44]} 38. Rd2 {[%clk 00:06:35]} {[%emt 00:00:52]} Bf7 {[%clk
00:20:02]} {[%emt 00:00:07]} 39. Kf2 {[%clk 00:06:08]} {[%emt 00:00:58]} c4
{[%clk 00:19:29]} {[%emt 00:01:03]} 40. b4 {[%clk 00:05:44]} {[%emt 00:00:54]}
Nb6 {[%clk 00:15:28]} {[%emt 00:04:31]} 41. Qxf6 {[%clk 00:05:42]} {[%emt
00:00:31]} Qxf6 {[%clk 00:15:50]} {[%emt 00:00:09]} 42. Bxf6 {[%clk 00:06:11]}
{[%emt 00:00:01]} c3 {[%clk 00:14:50]} {[%emt 00:01:30]} 43. Rd8+ {[%clk
00:05:03]} {[%emt 00:01:37]} Kh7 {[%clk 00:15:19]} 44. Rxc3 {[%clk 00:05:21]}
{[%emt 00:00:13]} Rxc3 {[%clk 00:14:52]} {[%emt 00:00:57]} 45. Bxc3 {[%clk
00:05:49]} {[%emt 00:00:02]} Nd5 {[%clk 00:15:14]} {[%emt 00:00:07]} 46. Bd2
{[%clk 00:04:00]} {[%emt 00:02:20]} Nxb4 {[%clk 00:14:52]} {[%emt 00:00:51]} 47.
a3 {[%clk 00:03:27]} {[%emt 00:01:05]} Nc6 {[%clk 00:13:52]} {[%emt 00:01:29]}
48. Rd7 {[%clk 00:03:30]} {[%emt 00:00:27]} Re7 {[%clk 00:14:03]} {[%emt
00:00:18]} 49. Bd3 {[%clk 00:02:12]} {[%emt 00:01:48]} Kg6 {[%clk 00:14:07]}
{[%emt 00:00:27]} 50. g4 {[%emt 00:02:19]} 1-0

[Event "XLIV Memoriał Szachowy Ludwika Zamenhofa 2025, Grupa B"]
[Site "Bialystok, Poland"]
[Date "2025.12.31"]
[Round "9.5"]
[White "Padalka, Artem"]
[Black "Medvedyk, Volodymyr"]
[Result "0-1"]
[TimeControl "90'+30\""]
[WhiteElo "2111"]
[BlackElo "2138"]

1. e4 {[%clk 01:19:09]} {[%emt 00:11:50]} c5 {[%clk 01:29:51]} {[%emt
00:01:09]} 2. b3 {[%clk 01:16:34]} {[%emt 00:03:06]} Nf6 {[%clk 01:26:15]}
{[%emt 00:04:05]} 3. e5 {[%clk 01:11:37]} {[%emt 00:05:28]} Nd5 {[%clk
01:26:44]} {[%emt 00:00:01]} 4. Bb2 {[%clk 01:07:47]} {[%emt 00:04:20]} Nc6
{[%clk 01:24:45]} {[%emt 00:02:29]} 5. Nf3 {[%clk 01:02:58]} {[%emt 00:05:18]}
Nf4 {[%clk 01:14:22]} {[%emt 00:10:54]} 6. g3 {[%clk 01:00:16]} {[%emt
00:03:11]} Ne6 {[%clk 01:14:38]} {[%emt 00:00:14]} 7. Bg2 {[%clk 00:59:53]}
{[%emt 00:00:54]} g6 {[%clk 01:14:24]} {[%emt 00:00:44]} 8. O-O {[%clk
00:40:25]} {[%emt 00:19:58]} Bg7 {[%clk 01:14:10]} {[%emt 00:00:44]} 9. Bc3
{[%clk 00:39:42]} {[%emt 00:01:12]} O-O {[%clk 01:03:34]} {[%emt 00:11:06]} 10.
a4 {[%clk 00:37:06]} {[%emt 00:03:07]} Ned4 {[%clk 00:59:55]} {[%emt 00:04:09]}
11. Bxd4 {[%clk 00:28:42]} {[%emt 00:08:54]} cxd4 {[%clk 00:57:05]} {[%emt
00:03:20]} 12. Re1 {[%clk 00:29:10]} {[%emt 00:00:02]} Qc7 {[%clk 00:44:06]}
{[%emt 00:13:28]} 13. Na3 {[%clk 00:18:25]} {[%emt 00:11:15]} Nxe5 {[%clk
00:43:08]} {[%emt 00:01:29]} 14. Nxd4 {[%clk 00:18:54]} {[%emt 00:00:01]} a6
{[%clk 00:39:18]} {[%emt 00:04:20]} 15. c3 {[%clk 00:18:19]} {[%emt 00:01:04]}
Rb8 {[%clk 00:27:34]} {[%emt 00:12:15]} 16. Qe2 {[%clk 00:17:37]} {[%emt
00:01:12]} d6 {[%clk 00:22:19]} {[%emt 00:05:46]} 17. f4 {[%clk 00:14:50]}
{[%emt 00:03:16]} Ng4 {[%clk 00:21:52]} {[%emt 00:00:57]} 18. h3 {[%clk
00:14:33]} {[%emt 00:00:47]} e5 {[%clk 00:20:00]} {[%emt 00:02:23]} 19. Nf3
{[%clk 00:12:12]} {[%emt 00:02:50]} Qb6+ {[%clk 00:16:25]} {[%emt 00:04:05]} 20.
Kf1 {[%clk 00:05:17]} {[%emt 00:07:25]} Nh6 {[%clk 00:14:24]} {[%emt 00:02:31]}
21. Nc4 {[%clk 00:05:42]} {[%emt 00:00:05]} Qc7 {[%clk 00:11:31]} {[%emt
00:03:23]} 22. fxe5 {[%clk 00:05:49]} {[%emt 00:00:23]} dxe5 {[%clk 00:11:19]}
{[%emt 00:00:43]} 23. Ncxe5 {[%clk 00:05:29]} {[%emt 00:00:49]} Nf5 {[%clk
00:11:13]} {[%emt 00:00:36]} 24. Qc4 {[%clk 00:04:06]} {[%emt 00:01:53]} Qb6
{[%clk 00:10:14]} {[%emt 00:01:30]} 25. d4 {[%clk 00:03:22]} {[%emt 00:01:13]}
Nxg3+ {[%clk 00:07:57]} {[%emt 00:02:47]} 26. Kf2 {[%clk 00:03:51]} {[%emt
00:00:01]} Nh5 {[%clk 00:07:37]} {[%emt 00:00:50]} 27. a5 {[%clk 00:03:57]}
{[%emt 00:00:24]} Qd8 {[%clk 00:06:55]} {[%emt 00:01:12]} 28. b4 {[%clk
00:02:53]} {[%emt 00:01:34]} Nf4 {[%clk 00:05:23]} {[%emt 00:02:02]} 29. Kg3
{[%clk 00:03:08]} {[%emt 00:00:15]} Be6 {[%clk 00:04:53]} {[%emt 00:00:59]} 30.
Qf1 {[%clk 00:03:25]} {[%emt 00:00:13]} Bh6 {[%clk 00:04:16]} {[%emt 00:01:07]}
31. Ng4 {[%clk 00:03:01]} {[%emt 00:00:57]} Bxg4 {[%clk 00:03:17]} {[%emt
00:01:27]} 32. hxg4 {[%clk 00:03:17]} {[%emt 00:00:13]} Qc7 {[%clk 00:03:27]}
{[%emt 00:00:21]} 33. g5 {[%clk 00:01:59]} {[%emt 00:01:47]} Nd3+ {[%clk
00:01:59]} {[%emt 00:01:58]} 34. Kh3 {[%clk 00:02:05]} {[%emt 00:00:24]} Nxe1
{[%clk 00:02:05]} {[%emt 00:00:25]} 35. Rxe1 {[%clk 00:02:00]} {[%emt
00:00:35]} Bg7 {[%clk 00:02:12]} {[%emt 00:00:23]} 36. Qd3 {[%clk 00:02:16]}
{[%emt 00:00:13]} Rbc8 {[%clk 00:01:24]} {[%emt 00:01:19]} 37. Rc1 {[%clk
00:02:25]} {[%emt 00:00:21]} Rfe8 {[%clk 00:01:08]} {[%emt 00:00:46]} 38. c4
{[%clk 00:02:40]} {[%emt 00:00:15]} Qf4 {[%clk 00:01:10]} {[%emt 00:00:28]} 39.
Rc3 {[%clk 00:03:08]} {[%emt 00:00:02]} Rcd8 {[%clk 00:01:04]} {[%emt
00:00:36]} 40. c5 {[%clk 00:02:29]} {[%emt 00:01:09]} Bxd4 {[%clk 00:01:17]}
{[%emt 00:00:17]} 41. Rc4 {[%clk 00:01:27]} {[%emt 00:01:33]} Re3 {[%clk
00:01:34]} {[%emt 00:00:12]} 42. Qd1 {[%clk 00:01:07]} {[%emt 00:00:50]} Qf5+
{[%clk 00:01:41]} {[%emt 00:00:23]} 43. Kh2 {[%clk 00:00:59]} {[%emt 00:00:38]}
Be5+ {[%clk 00:01:57]} {[%emt 00:00:14]} 0-1

[Event "XLIV Memoriał Szachowy Ludwika Zamenhofa 2025, Grupa B"]
[Site "Bialystok, Poland"]
[Date "2025.12.31"]
[Round "9.6"]
[White "Sawicki, Dorian"]
[Black "Leskiewicz, Ignacy"]
[Result "1-0"]
[TimeControl "90'+30\""]
[WhiteElo "1992"]
[BlackElo "2118"]

1. d4 {[%clk 01:30:57]} {[%emt 00:00:02]} d6 {[%clk 01:23:39]} {[%emt
00:07:13]} 2. c4 {[%clk 01:29:46]} {[%emt 00:01:49]} e5 {[%clk 01:24:05]}
{[%emt 00:00:05]} 3. e3 {[%clk 01:28:00]} {[%emt 00:02:15]} c6 {[%clk
01:16:57]} {[%emt 00:07:39]} 4. Nc3 {[%clk 01:26:07]} {[%emt 00:02:22]} Nf6
{[%clk 01:14:52]} {[%emt 00:02:35]} 5. Qc2 {[%clk 01:20:30]} {[%emt 00:06:07]}
g6 {[%clk 01:08:23]} {[%emt 00:07:00]} 6. Bd3 {[%clk 01:18:29]} {[%emt
00:02:31]} Bg7 {[%clk 01:07:12]} {[%emt 00:01:40]} 7. Nge2 {[%clk 01:18:50]}
{[%emt 00:00:09]} O-O {[%clk 01:01:38]} {[%emt 00:06:05]} 8. O-O {[%clk
01:17:29]} {[%emt 00:01:50]} Re8 {[%clk 01:00:15]} {[%emt 00:01:54]} 9. Bd2
{[%clk 01:08:07]} {[%emt 00:09:51]} Qe7 {[%clk 00:53:24]} {[%emt 00:07:22]} 10.
Ng3 {[%clk 01:07:06]} {[%emt 00:01:29]} Nbd7 {[%clk 00:42:44]} {[%emt
00:11:11]} 11. Rab1 {[%clk 01:04:38]} {[%emt 00:02:58]} a5 {[%clk 00:36:58]}
{[%emt 00:06:16]} 12. a3 {[%clk 01:04:53]} {[%emt 00:00:15]} h5 {[%clk
00:32:32]} {[%emt 00:04:56]} 13. f3 {[%clk 01:01:00]} {[%emt 00:04:24]} h4
{[%clk 00:27:27]} {[%emt 00:05:35]} 14. Nge2 {[%clk 00:59:14]} {[%emt
00:02:16]} Bh6 {[%clk 00:23:27]} {[%emt 00:04:29]} 15. Rfe1 {[%clk 00:53:47]}
{[%emt 00:05:57]} Kg7 {[%clk 00:20:57]} {[%emt 00:03:01]} 16. b4 {[%clk
00:49:30]} {[%emt 00:04:47]} axb4 {[%emt 00:00:03]} 17. axb4 {[%clk 00:49:54]}
{[%emt 00:00:06]} exd4 {[%clk 00:16:38]} {[%emt 00:05:17]} 18. exd4 {[%clk
00:43:12]} {[%emt 00:07:11]} Be3+ {[%clk 00:16:02]} {[%emt 00:01:07]} 19. Kh1
{[%clk 00:41:43]} {[%emt 00:02:00]} h3 {[%clk 00:15:33]} {[%emt 00:00:58]} 20.
Nf4 {[%clk 00:36:57]} {[%emt 00:05:15]} Bxd2 {[%clk 00:08:53]} {[%emt
00:07:11]} 21. Rxe7 {[%clk 00:33:08]} {[%emt 00:04:19]} Bxf4 {[%clk 00:09:20]}
{[%emt 00:00:04]} 22. Rxe8 {[%clk 00:31:28]} {[%emt 00:02:09]} hxg2+ {[%clk
00:09:44]} {[%emt 00:00:06]} 23. Qxg2 {[%clk 00:31:00]} {[%emt 00:00:58]} Nxe8
{[%clk 00:10:13]} 24. Qb2 {[%clk 00:27:15]} {[%emt 00:04:15]} Ndf6 {[%clk
00:08:16]} {[%emt 00:02:26]} 25. Ne2 {[%clk 00:24:22]} {[%emt 00:03:23]} Bg5
{[%clk 00:06:00]} {[%emt 00:02:46]} 26. Ra1 {[%clk 00:24:06]} {[%emt 00:00:47]}
Rb8 {[%clk 00:06:29]} 27. b5 {[%clk 00:23:42]} {[%emt 00:00:54]} c5 {[%clk
00:05:01]} {[%emt 00:01:58]} 28. dxc5 {[%clk 00:23:53]} {[%emt 00:00:19]} Be6
{[%clk 00:04:10]} {[%emt 00:01:20]} 29. cxd6 {[%clk 00:23:57]} {[%emt
00:00:26]} Rd8 {[%clk 00:04:17]} {[%emt 00:00:23]} 30. c5 {[%clk 00:23:35]}
{[%emt 00:00:52]} Kh6 {[%clk 00:04:36]} {[%emt 00:00:12]} 31. Be4 {[%clk
00:22:54]} {[%emt 00:01:12]} b6 {[%clk 00:04:43]} {[%emt 00:00:23]} 32. Ra8
{[%clk 00:21:07]} {[%emt 00:02:16]} Bc8 {[%clk 00:05:06]} {[%emt 00:00:07]} 33.
Rxc8 {[%clk 00:21:05]} {[%emt 00:00:32]} Rxc8 {[%clk 00:05:29]} {[%emt
00:00:06]} 34. d7 {[%clk 00:21:35]} Nxd7 {[%clk 00:05:53]} {[%emt 00:00:06]} 35.
Qh8# {[%clk 00:22:01]} {[%emt 00:00:04]} 1-0

[Event "XLIV Memoriał Szachowy Ludwika Zamenhofa 2025, Grupa B"]
[Site "Bialystok, Poland"]
[Date "2025.12.31"]
[Round "9.7"]
[White "Madejski, Milosz"]
[Black "Szuminski, Jakub"]
[Result "1/2-1/2"]
[TimeControl "90'+30\""]
[WhiteElo "1917"]
[BlackElo "1962"]

1. d4 {[%clk 01:30:58]} {[%emt 00:00:01]} Nf6 {[%clk 01:28:24]} {[%emt
00:02:36]} 2. c4 {[%clk 01:31:23]} {[%emt 00:00:05]} e6 {[%clk 01:28:51]}
{[%emt 00:00:04]} 3. g3 {[%clk 01:31:50]} {[%emt 00:00:03]} d5 {[%clk
01:27:43]} {[%emt 00:01:36]} 4. Nf3 {[%clk 01:32:02]} {[%emt 00:00:19]} b6
{[%clk 01:24:32]} {[%emt 00:03:42]} 5. Bg2 {[%clk 01:32:00]} {[%emt 00:00:31]}
Bb7 {[%clk 01:24:52]} {[%emt 00:00:11]} 6. cxd5 {[%clk 01:32:25]} {[%emt
00:00:05]} exd5 {[%clk 01:24:31]} {[%emt 00:00:51]} 7. Nc3 {[%clk 01:32:48]}
{[%emt 00:00:07]} Bd6 {[%clk 01:20:31]} {[%emt 00:04:29]} 8. O-O {[%clk
01:32:42]} {[%emt 00:00:36]} O-O {[%clk 01:20:01]} {[%emt 00:01:00]} 9. Nb5
{[%clk 01:32:06]} {[%emt 00:01:06]} Re8 {[%clk 01:18:03]} {[%emt 00:02:27]} 10.
Nxd6 {[%clk 01:32:12]} {[%emt 00:00:25]} Qxd6 {[%clk 01:18:27]} {[%emt
00:00:07]} 11. Bf4 {[%clk 01:28:24]} {[%emt 00:04:17]} Qe7 {[%clk 01:18:50]}
{[%emt 00:00:07]} 12. Ne5 {[%clk 01:24:53]} {[%emt 00:04:01]} Nbd7 {[%clk
01:13:43]} {[%emt 00:05:37]} 13. Nxd7 {[%clk 01:23:09]} {[%emt 00:02:14]} Qxd7
{[%clk 01:14:06]} {[%emt 00:00:07]} 14. Rc1 {[%clk 01:22:27]} {[%emt 00:01:12]}
Rac8 {[%clk 01:13:55]} {[%emt 00:00:40]} 15. Re1 {[%clk 01:18:14]} {[%emt
00:04:44]} c5 {[%clk 01:11:40]} {[%emt 00:02:44]} 16. dxc5 {[%clk 01:17:58]}
{[%emt 00:00:47]} bxc5 {[%clk 01:11:24]} {[%emt 00:00:46]} 17. Qd3 {[%clk
01:17:13]} {[%emt 00:01:15]} d4 {[%clk 01:09:29]} {[%emt 00:02:26]} 18. Bxb7
{[%clk 01:04:29]} {[%emt 00:13:14]} Qxb7 {[%clk 01:09:52]} {[%emt 00:00:06]} 19.
Rc2 {[%clk 01:03:12]} {[%emt 00:01:47]} Nd5 {[%clk 01:02:28]} {[%emt 00:07:53]}
20. Bd2 {[%clk 01:03:17]} {[%emt 00:00:26]} Nb6 {[%clk 01:01:36]} {[%emt
00:01:22]} 21. b3 {[%clk 01:02:48]} {[%emt 00:00:59]} Qe4 {[%clk 00:59:40]}
{[%emt 00:02:25]} 22. Qxe4 {[%clk 00:52:34]} {[%emt 00:10:45]} Rxe4 {[%clk
01:00:05]} {[%emt 00:00:05]} 23. Bf4 {[%clk 00:52:42]} {[%emt 00:00:21]} Nd5
{[%clk 00:47:59]} {[%emt 00:12:36]} 24. Bd2 {[%clk 00:52:46]} {[%emt 00:00:27]}
h6 {[%clk 00:45:38]} {[%emt 00:02:51]} 25. Kf1 {[%clk 00:52:56]} {[%emt
00:00:21]} Re6 {[%clk 00:43:49]} {[%emt 00:02:18]} 26. Rec1 {[%clk 00:52:02]}
{[%emt 00:01:24]} Rec6 {[%clk 00:43:17]} {[%emt 00:01:00]} 27. Rc4 {[%clk
00:49:38]} {[%emt 00:02:55]} 1/2-1/2

[Event "XLIV Memoriał Szachowy Ludwika Zamenhofa 2025, Grupa B"]
[Site "Bialystok, Poland"]
[Date "2025.12.31"]
[Round "9.8"]
[White "Zalewski, Witold"]
[Black "Jakubowska, Anna"]
[Result "1/2-1/2"]
[TimeControl "90'+30\""]
[WhiteElo "1834"]
[BlackElo "2139"]

1. c4 {[%clk 01:30:59]} e5 {[%clk 01:30:52]} {[%emt 00:00:08]} 2. Nc3 {[%clk
01:31:25]} {[%emt 00:00:04]} Nc6 {[%clk 01:31:13]} {[%emt 00:00:09]} 3. Nf3
{[%clk 01:31:42]} {[%emt 00:00:12]} g6 {[%clk 01:31:38]} {[%emt 00:00:06]} 4.
d4 {[%clk 01:32:07]} {[%emt 00:00:05]} exd4 {[%clk 01:32:03]} {[%emt 00:00:05]}
5. Nxd4 {[%clk 01:32:31]} {[%emt 00:00:06]} Bg7 {[%clk 01:32:30]} {[%emt
00:00:03]} 6. Nxc6 {[%clk 01:32:56]} {[%emt 00:00:06]} bxc6 {[%clk 01:32:55]}
{[%emt 00:00:04]} 7. g3 {[%clk 01:33:19]} {[%emt 00:00:07]} Ne7 {[%clk
01:33:18]} {[%emt 00:00:07]} 8. Bg2 {[%clk 01:33:45]} {[%emt 00:00:04]} O-O
{[%clk 01:33:39]} {[%emt 00:00:09]} 9. O-O {[%clk 01:34:02]} {[%emt 00:00:13]}
Rb8 {[%clk 01:34:05]} {[%emt 00:00:04]} 10. Qd2 {[%clk 01:21:11]} {[%emt
00:13:21]} Ba6 {[%clk 01:31:35]} {[%emt 00:03:00]} 11. Rd1 {[%clk 00:54:25]}
{[%emt 00:27:16]} Bxc4 {[%clk 00:53:55]} {[%emt 00:38:10]} 12. Qxd7 {[%clk
00:54:00]} {[%emt 00:00:55]} Qxd7 {[%clk 00:50:15]} {[%emt 00:04:10]} 13. Rxd7
{[%clk 00:53:30]} {[%emt 00:01:00]} Nd5 {[%clk 00:50:44]} {[%emt 00:00:01]} 14.
Nxd5 {[%clk 00:44:22]} {[%emt 00:09:38]} cxd5 {[%clk 00:50:32]} {[%emt
00:00:42]} 15. Bxd5 {[%clk 00:43:52]} {[%emt 00:01:00]} Bxd5 {[%clk 00:50:22]}
{[%emt 00:00:40]} 16. Rxd5 {[%clk 00:44:16]} {[%emt 00:00:06]} Bxb2 {[%clk
00:50:49]} {[%emt 00:00:03]} 17. Bxb2 {[%clk 00:44:10]} {[%emt 00:00:36]} Rxb2
{[%clk 00:51:16]} {[%emt 00:00:03]} 18. Rc5 {[%clk 00:43:49]} {[%emt 00:00:51]}
Rd8 {[%clk 00:48:22]} {[%emt 00:03:23]} 19. Rxc7 {[%clk 00:43:38]} {[%emt
00:00:42]} Rdd2 {[%clk 00:48:00]} {[%emt 00:00:52]} 20. Rxa7 {[%clk 00:43:51]}
{[%emt 00:00:17]} Rxe2 {[%clk 00:48:26]} {[%emt 00:00:03]} 21. Rf1 {[%clk
00:44:14]} {[%emt 00:00:07]} Rxa2 {[%clk 00:48:51]} {[%emt 00:00:06]} 22. Rxa2
{[%clk 00:44:38]} {[%emt 00:00:05]} 1/2-1/2

[Event "XLIV Memoriał Szachowy Ludwika Zamenhofa 2025, Grupa B"]
[Site "Bialystok, Poland"]
[Date "2025.12.31"]
[Round "9.9"]
[White "Ptaszynski, Szymon"]
[Black "Czarnowicz, Michal"]
[Result "1-0"]
[TimeControl "90'+30\""]
[WhiteElo "2025"]
[BlackElo "1827"]

1. e4 {[%clk 01:30:53]} {[%emt 00:00:08]} c5 {[%clk 01:29:34]} {[%emt
00:01:26]} 2. Nf3 {[%clk 01:31:17]} {[%emt 00:00:06]} d6 {[%clk 01:29:58]}
{[%emt 00:00:06]} 3. d4 {[%clk 01:31:41]} {[%emt 00:00:05]} cxd4 {[%clk
01:30:24]} {[%emt 00:00:05]} 4. Nxd4 {[%clk 01:32:08]} {[%emt 00:00:03]} Nf6
{[%clk 01:30:45]} {[%emt 00:00:08]} 5. Nc3 {[%clk 01:32:34]} {[%emt 00:00:05]}
a6 {[%clk 01:31:08]} {[%emt 00:00:07]} 6. f3 {[%clk 01:32:52]} {[%emt
00:00:12]} e5 {[%clk 01:31:33]} {[%emt 00:00:05]} 7. Nb3 {[%clk 01:33:18]}
{[%emt 00:00:04]} Be6 {[%clk 01:31:54]} {[%emt 00:00:08]} 8. Be3 {[%clk
01:33:37]} {[%emt 00:00:12]} Be7 {[%clk 01:32:17]} {[%emt 00:00:07]} 9. Qd2
{[%clk 01:34:01]} {[%emt 00:00:06]} h5 {[%clk 01:32:37]} {[%emt 00:00:09]} 10.
Be2 {[%clk 01:33:55]} {[%emt 00:00:36]} Nbd7 {[%clk 01:32:56]} {[%emt
00:00:11]} 11. Nd5 {[%clk 01:33:55]} {[%emt 00:00:31]} Nxd5 {[%clk 01:31:29]}
{[%emt 00:01:57]} 12. exd5 {[%clk 01:33:56]} {[%emt 00:00:29]} Bf5 {[%clk
01:31:53]} {[%emt 00:00:05]} 13. Na5 {[%clk 01:28:16]} {[%emt 00:06:10]} Qc8
{[%clk 01:25:51]} {[%emt 00:06:33]} 14. Rc1 {[%clk 01:21:01]} {[%emt 00:07:45]}
Bd8 {[%clk 01:25:32]} {[%emt 00:00:49]} 15. c4 {[%clk 01:20:00]} {[%emt
00:01:32]} Bb6 {[%clk 01:24:31]} {[%emt 00:01:31]} 16. Bxb6 {[%clk 01:17:25]}
{[%emt 00:03:04]} Nxb6 {[%clk 01:24:53]} {[%emt 00:00:08]} 17. b4 {[%clk
01:15:57]} {[%emt 00:01:58]} Nd7 {[%clk 01:23:54]} {[%emt 00:01:28]} 18. O-O
{[%clk 01:09:23]} {[%emt 00:07:05]} O-O {[%clk 01:24:12]} {[%emt 00:00:12]} 19.
Kh1 {[%clk 01:08:43]} {[%emt 00:01:10]} Qc7 {[%clk 01:19:59]} {[%emt 00:04:43]}
20. f4 {[%clk 01:06:24]} {[%emt 00:02:49]} Bg4 {[%clk 01:12:43]} {[%emt
00:07:46]} 21. Bd3 {[%clk 01:04:34]} {[%emt 00:02:19]} Rfe8 {[%clk 01:12:09]}
{[%emt 00:01:04]} 22. Rce1 {[%clk 01:03:42]} {[%emt 00:01:23]} h4 {[%clk
01:11:17]} {[%emt 00:01:22]} 23. h3 {[%clk 01:00:48]} {[%emt 00:03:23]} e4
{[%clk 01:06:34]} {[%emt 00:05:14]} 24. Bxe4 {[%clk 00:59:51]} {[%emt
00:01:27]} Nf6 {[%clk 01:06:55]} {[%emt 00:00:08]} 25. Bd3 {[%clk 00:54:09]}
{[%emt 00:06:12]} Bd7 {[%clk 01:07:12]} {[%emt 00:00:13]} 26. Qf2 {[%clk
00:54:15]} {[%emt 00:00:23]} b6 {[%clk 01:07:04]} {[%emt 00:00:39]} 27. Nb3
{[%clk 00:54:25]} {[%emt 00:00:20]} a5 {[%clk 01:06:10]} {[%emt 00:01:25]} 28.
b5 {[%clk 00:54:11]} {[%emt 00:00:45]} a4 {[%clk 01:05:24]} {[%emt 00:01:15]}
29. Nd2 {[%clk 00:53:42]} {[%emt 00:00:56]} Qc5 {[%clk 01:03:40]} {[%emt
00:02:16]} 30. Qxc5 {[%clk 00:41:14]} {[%emt 00:12:59]} dxc5 {[%clk 01:01:07]}
{[%emt 00:03:03]} 31. Re5 {[%clk 00:41:17]} {[%emt 00:00:26]} g6 {[%clk
00:59:54]} {[%emt 00:01:43]} 32. Ne4 {[%clk 00:33:17]} {[%emt 00:08:31]} Nh5
{[%clk 00:59:45]} {[%emt 00:00:39]} 33. Rxh5 {[%clk 00:33:23]} {[%emt
00:00:24]} Rxe4 {[%clk 00:59:58]} {[%emt 00:00:16]} 34. Bxe4 {[%clk 00:33:22]}
{[%emt 00:00:31]} gxh5 {[%clk 01:00:15]} {[%emt 00:00:14]} 35. d6 {[%clk
00:20:10]} {[%emt 00:13:42]} Be6 {[%clk 01:00:01]} {[%emt 00:00:43]} 36. Bxa8
{[%clk 00:20:29]} {[%emt 00:00:11]} 1-0